[Event "Bundesliga 2324"]
[Site "Germany"]
[Date "2024.03.17"]
[Round "13.5"]
[White "Lokander, Martin"]
[Black "Beerdsen, Thomas"]
[Result "1/2-1/2"]
[WhiteElo "2462"]
[BlackElo "2496"]
[PlyCount "41"]
[EventDate "2023.10.21"]
[EventType "team-tourn"]
[EventRounds "15"]
[EventCountry "GER"]
[SourceTitle "CB13_2024"]
[SourceDate "2024.03.27"]
[SourceVersion "1"]
[SourceVersionDate "2024.03.27"]
[SourceQuality "1"]
[WhiteTeam "Bayern Muenchen"]
[BlackTeam "Muelheim Nord"]
[WhiteTeamCountry "GER"]
[BlackTeamCountry "GER"]

1. d4 Nf6 2. Bg5 d5 3. e3 c5 4. Bxf6 gxf6 5. dxc5 e6 6. Nf3 Bxc5 7. Be2 Nc6 8. 0-0 f5 9. c4 dxc4 10. Qa4 0-0 11. Qxc4 Qe7 12. Nc3 Bd6 13. Rfd1 Rd8 14. e4 f4 15. e5 Nxe5 16. Qxf4 Ng6 17. Qh6 Qf8 18. Qg5 Be7 19. Rxd8 Qxd8 20. Qe3 Bd7 21. Rd1 1/2-1/2

[Event "SWE-chT 2324 Elite"]
[Site "Sweden"]
[Date "2023.10.13"]
[Round "1.1"]
[White "Lindgren, Philip"]
[Black "Lokander, Martin"]
[Result "1-0"]
[WhiteElo "2380"]
[BlackElo "2462"]
[PlyCount "93"]
[EventDate "2023.10.13"]
[EventType "team-tourn"]
[EventRounds "9"]
[EventCountry "SWE"]
[SourceTitle "Mega2024 Update 01"]
[Source "Chessbase"]
[SourceDate "2023.11.12"]
[SourceVersion "1"]
[SourceVersionDate "2023.11.12"]
[SourceQuality "1"]
[WhiteTeam "Limhamn"]
[BlackTeam "Stockholm CC"]
[WhiteTeamCountry "SWE"]
[BlackTeamCountry "SWE"]

1. d4 d5 2. Nf3 Nf6 3. c4 e6 4. cxd5 exd5 5. Nc3 Nbd7 6. Bg5 Bb4 7. e3 h6 8. Bxf6 Qxf6 9. Qb3 Qd6 10. a3 Ba5 11. Qb5 Bxc3+ 12. bxc3 0-0 13. Be2 Nb6 14. 0-0 Bf5 15. a4 c6 16. Qb3 Qe7 17. a5 Nc8 18. Ne5 a6 19. c4 dxc4 20. Bxc4 Nd6 21. Qb4 Rac8 22. Qc5 Rc7 23. Be2 Be4 24. Rac1 Rd8 25. Rfd1 Qg5 26. Bf3 f6 27. Bxe4 Nxe4 28. Qc4+ Rd5 29. Nd3 Rf7 30. Nf4 Rxa5 31. d5 cxd5 32. Nxd5 Qe5 33. Nf4 Rc5 34. Qb3 Rxc1 35. Rxc1 Nd6 36. h4 g5 37. Ne6 b5 38. Nd8 Nc4 39. Nxf7 Kxf7 40. Qd3 gxh4 41. Rd1 Qe7 42. Qh7+ Ke6 43. Qg8+ Kf5 44. Qc8+ Ke5 45. Qc6 Qf7 46. Rd4 f5 47. f4# 1-0

[Event "Bundesliga 2223"]
[Site "Germany"]
[Date "2023.04.29"]
[Round "14.7"]
[White "Lokander, Martin"]
[Black "Petrov, Martin"]
[Result "1/2-1/2"]
[WhiteElo "2449"]
[BlackElo "2530"]
[PlyCount "65"]
[EventDate "2022.10.21"]
[EventType "team-tourn"]
[EventRounds "15"]
[EventCountry "GER"]
[SourceTitle "CBM 213 Extra"]
[Source "ChessBase"]
[SourceDate "2023.05.31"]
[SourceVersion "1"]
[SourceVersionDate "2023.05.31"]
[SourceQuality "1"]
[WhiteTeam "Bayern Muenchen"]
[BlackTeam "Deggendorf"]
[WhiteTeamCountry "GER"]
[BlackTeamCountry "GER"]

1. d4 Nf6 2. c4 e6 3. Nc3 Bb4 4. Qc2 d5 5. cxd5 exd5 6. Bg5 c5 7. dxc5 h6 8. Bh4 0-0 9. e3 Nc6 10. Nf3 Bxc5 11. Bxf6 Qxf6 12. Nxd5 Bb4+ 13. Nxb4 Nxb4 14. Qd2 a5 15. Nd4 Rd8 16. Be2 Be6 17. 0-0 Bxa2 18. b3 Bxb3 19. Rxa5 Rxa5 20. Qxb4 Rxd4 21. exd4 Ra2 22. Bf3 Be6 23. Bxb7 Qf4 24. Qc5 Qd2 25. Be4 g6 26. d5 Ra5 27. Qe7 Bxd5 28. Qe8+ Kg7 29. Qe5+ Kh7 30. Qd6 Kg7 31. Qe5+ Kh7 32. Qd6 Kg7 33. Qe5+ 1/2-1/2

[Event "SWE-chT 2223 Elite"]
[Site "Sweden"]
[Date "2023.03.10"]
[Round "7.5"]
[White "Semcesen, Daniel"]
[Black "Lokander, Martin"]
[Result "0-1"]
[WhiteElo "2472"]
[BlackElo "2449"]
[PlyCount "48"]
[EventDate "2022.10.14"]
[EventType "team-tourn"]
[EventRounds "9"]
[EventCountry "SWE"]
[SourceTitle "CBM 213 Extra"]
[Source "ChessBase"]
[SourceDate "2023.05.31"]
[SourceVersion "1"]
[SourceVersionDate "2023.05.31"]
[SourceQuality "1"]
[WhiteTeam "Helsingborg"]
[BlackTeam "Stockholm CC"]
[WhiteTeamCountry "SWE"]
[BlackTeamCountry "SWE"]

1. d4 Nf6 2. c4 e6 3. Nc3 Bb4 4. Qc2 d5 5. a3 Bxc3+ 6. Qxc3 c5 7. dxc5 d4 8. Qg3 Nc6 9. Qxg7 Rg8 10. Qh6 e5 11. Bg5 Rg6 12. Qh4 Qa5+ 13. Bd2 Qa4 14. e3 dxe3 15. fxe3 Qc2 16. Rc1 Qxb2 17. Bd3 Rxg2 18. Ne2 e4 19. Bxe4 Rxe2+ 20. Kxe2 Bg4+ 21. Bf3 Rd8 22. Rcd1 Bxf3+ 23. Kxf3 Ne5+ 24. Ke2 Ng6 0-1

[Event "Bundesliga 2223"]
[Site "Germany"]
[Date "2023.02.26"]
[Round "9.4"]
[White "Lokander, Martin"]
[Black "Stevic, Hrvoje"]
[Result "1/2-1/2"]
[WhiteElo "2449"]
[BlackElo "2565"]
[PlyCount "71"]
[EventDate "2022.10.21"]
[EventType "team-tourn"]
[EventRounds "15"]
[EventCountry "GER"]
[SourceTitle "CBM 213 Extra"]
[Source "ChessBase"]
[SourceDate "2023.05.31"]
[SourceVersion "1"]
[SourceVersionDate "2023.05.31"]
[SourceQuality "1"]
[WhiteTeam "Bayern Muenchen"]
[BlackTeam "Kirchweyhe"]
[WhiteTeamCountry "GER"]
[BlackTeamCountry "GER"]

1. d4 d5 2. c4 dxc4 3. Nf3 Nf6 4. Nc3 a6 5. e4 b5 6. e5 Nd5 7. a4 e6 8. axb5 Nb6 9. Be3 axb5 10. Rxa8 Nxa8 11. Nxb5 Nb6 12. Be2 Be7 13. 0-0 0-0 14. Qc2 Nc6 15. Qe4 Nb4 16. Qg4 f5 17. exf6 Bxf6 18. Ne5 Nc2 19. Qe4 Nxe3 20. Qxe3 Bb7 21. Bg4 Bd5 22. Re1 Re8 23. Nc3 Bxe5 24. Qxe5 Nd7 25. Qe2 Nf6 26. h3 Qa8 27. f4 Qc6 28. Qf2 Rb8 29. Re5 Qb6 30. f5 Qxb2 31. Qxb2 Rxb2 32. fxe6 c6 33. e7 Kf7 34. Nxd5 cxd5 35. Bd7 Rb8 36. Ba4 1/2-1/2

[Event "Bundesliga 2223"]
[Site "Germany"]
[Date "2023.02.05"]
[Round "6.1"]
[White "Lokander, Martin"]
[Black "Movsesian, Sergei"]
[Result "1/2-1/2"]
[WhiteElo "2449"]
[BlackElo "2619"]
[PlyCount "40"]
[EventDate "2022.10.21"]
[EventType "team-tourn"]
[EventRounds "15"]
[EventCountry "GER"]
[SourceTitle "CBM 212 Extra"]
[Source "ChessBase"]
[SourceDate "2023.03.31"]
[SourceVersion "1"]
[SourceVersionDate "2023.03.31"]
[SourceQuality "1"]
[WhiteTeam "Bayern Muenchen"]
[BlackTeam "Baden-Baden"]
[WhiteTeamCountry "GER"]
[BlackTeamCountry "GER"]

1. d4 Nf6 2. Nf3 e6 3. c4 d5 4. Nc3 Bb4 5. Qb3 a5 6. Bg5 dxc4 7. Qxc4 b6 8. g3 Ba6 9. Qb3 Nbd7 10. Bg2 Bb7 11. 0-0 0-0 12. Rfd1 h6 13. Bxf6 Nxf6 14. Ne5 Bxg2 15. Kxg2 Bxc3 16. Qxc3 Nd5 17. Qc4 Qd6 18. Nc6 f5 19. Rac1 Kh7 20. Qb5 Rac8 1/2-1/2

[Event "SWE-ch Blitz"]
[Site "Stockholm"]
[Date "2023.01.01"]
[Round "5"]
[White "Lokander, Martin"]
[Black "Valkama, Eero"]
[Result "0-1"]
[WhiteElo "2443"]
[BlackElo "2258"]
[PlyCount "114"]
[EventDate "2023.01.01"]
[EventType "swiss (blitz)"]
[EventRounds "13"]
[EventCountry "SWE"]
[SourceTitle "CBM 211 Extra"]
[Source "ChessBase"]
[SourceDate "2023.01.31"]
[SourceVersion "1"]
[SourceVersionDate "2023.01.31"]
[SourceQuality "1"]

1. d4 Nf6 2. c4 e6 3. Nc3 Bb4 4. a3 Bxc3+ 5. bxc3 Nc6 6. f3 b6 7. e4 Ba6 8. Bg5 h6 9. Bh4 Na5 10. e5 g5 11. Bf2 Nh5 12. h4 Bxc4 13. Bxc4 Nxc4 14. Qe2 b5 15. Nh3 gxh4 16. Qe4 d5 17. Qg4 Ng3 18. Bxg3 hxg3 19. Nf4 Qe7 20. Qxg3 0-0-0 21. Ke2 Rhg8 22. Qf2 Qg5 23. Rh4 Qg3 24. Qxg3 Rxg3 25. Kf2 Rg5 26. Rxh6 c5 27. a4 b4 28. cxb4 cxb4 29. Rb1 a5 30. Rf6 Rd7 31. g4 Kc7 32. Rh6 Rd8 33. Nh5 Rf8 34. Nf6 Nb6 35. f4 Rg6 36. Rxg6 fxg6 37. Ke3 Kb7 38. Nd7 Nxd7 39. Rh1 Nb6 40. Rh6 Nxa4 41. Rxg6 Re8 42. f5 exf5 43. gxf5 b3 44. f6 b2 45. Rg1 Nc3 46. Kf4 Ne2+ 47. Kf5 Nxg1 48. f7 Rf8 49. e6 b1Q+ 50. Kf6 Qh7 51. Ke7 Rc8 52. Kd7 Qg7 53. Kd6 Qxd4 54. e7 Qc5+ 55. Ke6 Rc6+ 56. Kd7 Qd6+ 57. Ke8 Rc8# 0-1

[Event "Bundesliga 2223"]
[Site "Germany"]
[Date "2022.10.21"]
[Round "7.5"]
[White "Zilka, Stepan"]
[Black "Lokander, Martin"]
[Result "1/2-1/2"]
[WhiteElo "2594"]
[BlackElo "2449"]
[PlyCount "108"]
[EventDate "2022.10.21"]
[EventType "team-tourn"]
[EventRounds "15"]
[EventCountry "GER"]
[SourceTitle "CBM 211"]
[Source "ChessBase"]
[SourceDate "2022.12.31"]
[SourceVersion "1"]
[SourceVersionDate "2022.12.31"]
[SourceQuality "1"]
[WhiteTeam "Deizisau"]
[BlackTeam "Bayern Muenchen"]
[WhiteTeamCountry "GER"]
[BlackTeamCountry "GER"]

1. e4 e5 2. Nf3 Nc6 3. Bb5 a6 4. Ba4 Nge7 5. c3 Ng6 6. d4 exd4 7. cxd4 d5 8. exd5 Qxd5 9. Nc3 Qh5 10. d5 b5 11. dxc6 bxa4 12. 0-0 Bd6 13. Re1+ Be6 14. Ne4 Be7 15. Bg5 0-0 16. Ng3 Qg4 17. Bxe7 Nxe7 18. Re4 Qg6 19. Qxa4 Qf6 20. Qd4 Nxc6 21. Qxf6 gxf6 22. Nh5 Rfb8 23. Nxf6+ Kg7 24. Nh5+ Kg6 25. Nf4+ Kf5 26. Rae1 Bxa2 27. h3 Rb5 28. g4+ Kf6 29. Rc1 Nd8 30. Nh5+ Rxh5 31. gxh5 Ne6 32. Kh2 Rb8 33. Re2 Bd5 34. Ne5 Rb5 35. Ng4+ Kg5 36. Rg1 Nd4 37. Ne3+ Kh6 38. Ng4+ Kg5 39. Ne5+ Kf5 40. Re3 f6 41. Ng4 Nf3+ 42. Rxf3+ Bxf3 43. Kg3 Be2 44. Rc1 c5 45. f3 c4 46. Ne3+ Kg5 47. Nxc4 Kxh5 48. Rc2 Bd3 49. Rc3 Be2 50. Ne3 Rg5+ 51. Kf2 Bb5 52. f4 Rg7 53. Ng4 Kg6 54. Rg3 Rb7 1/2-1/2

[Event "SWE-chT 2223 Elite"]
[Site "Sweden"]
[Date "2022.10.16"]
[Round "3.2"]
[White "Lokander, Martin"]
[Black "Hjelm, Niclas"]
[Result "1/2-1/2"]
[WhiteElo "2449"]
[BlackElo "2279"]
[PlyCount "81"]
[EventDate "2022.10.14"]
[EventType "team-tourn"]
[EventRounds "9"]
[EventCountry "SWE"]
[SourceTitle "CBM 210 Extra"]
[Source "ChessBase"]
[SourceDate "2022.11.30"]
[SourceVersion "1"]
[SourceVersionDate "2022.11.30"]
[SourceQuality "1"]
[WhiteTeam "Stockholm CC"]
[BlackTeam "Farsta"]
[WhiteTeamCountry "SWE"]
[BlackTeamCountry "SWE"]

1. d4 d5 2. c4 dxc4 3. Nf3 Nf6 4. e3 e6 5. Bxc4 c5 6. 0-0 Nc6 7. Nc3 cxd4 8. exd4 Be7 9. Qe2 0-0 10. Rd1 Na5 11. Bd3 b6 12. Qe5 Bb7 13. Qg3 Nh5 14. Qh3 g6 15. Bh6 Re8 16. Bb5 Bc6 17. d5 exd5 18. Bxc6 Nxc6 19. Nxd5 Qc8 20. Rac1 Qb7 21. g4 Nf6 22. Nxe7+ Nxe7 23. Ne5 Rad8 24. Rxd8 Rxd8 25. Bg5 Rd6 26. Qh4 Ned5 27. Re1 h5 28. h3 b5 29. Qg3 Qa6 30. Qf3 hxg4 31. Nxg4 Nxg4 32. Re8+ Kg7 33. hxg4 Qc6 34. Re1 Nf6 35. Qh3 Ne4 36. Bh6+ Kg8 37. Qf3 Re6 38. Be3 a6 39. Rc1 Qd7 40. Qf4 Nf6 41. Rc7 1/2-1/2

[Event "Prague Pelikan Memorial 24th"]
[Site "Prague"]
[Date "2022.07.31"]
[Round "1"]
[White "Lokander, Martin"]
[Black "Kleinschroth, Roland"]
[Result "1-0"]
[WhiteElo "2483"]
[BlackElo "2085"]
[PlyCount "109"]
[EventDate "2022.07.30"]
[EventType "tourn"]
[EventRounds "9"]
[EventCountry "CZE"]
[SourceTitle "CBM 209 Extra"]
[Source "ChessBase"]
[SourceDate "2022.09.30"]
[SourceVersion "1"]
[SourceVersionDate "2022.09.30"]
[SourceQuality "1"]

1. d4 Nf6 2. c4 e5 3. dxe5 Ng4 4. Nc3 Nxe5 5. e3 d6 6. f4 Ned7 7. Bd3 Nc5 8. Bc2 g6 9. b4 Bg7 10. Bb2 Ncd7 11. Nf3 a5 12. b5 0-0 13. Na4 Bxb2 14. Nxb2 Nc5 15. Qd4 Nbd7 16. 0-0 Qf6 17. f5 b6 18. g4 Bb7 19. g5 Qe7 20. Qf4 Bxf3 21. Rxf3 Qe5 22. Rb1 Qxf4 23. exf4 Rae8 24. f6 Re2 25. Rf2 Rfe8 26. Kf1 Rxf2+ 27. Kxf2 Ne4+ 28. Bxe4 Rxe4 29. Kf3 Nc5 30. Rd1 Kf8 31. Rd2 Re1 32. Nd1 Ne6 33. Ne3 Rc1 34. Ke4 Re1 35. Kf3 Rc1 36. h4 Rh1 37. Kg3 Rg1+ 38. Kf2 Rc1 39. Kf3 Rh1 40. f5 Rh3+ 41. Kf2 Nc5 42. fxg6 hxg6 43. Rd4 Rh2+ 44. Ng2 Ne6 45. Re4 Rh1 46. Kg3 Ra1 47. Nf4 Nxf4 48. Kxf4 Rxa2 49. Re7 Rc2 50. Rxc7 Ke8 51. Ke4 a4 52. Kd5 a3 53. Re7+ Kd8 54. Rxf7 a2 55. Ra7 1-0

[Event "Pardubice Czech op-A 33rd"]
[Site "Pardubice"]
[Date "2022.07.30"]
[Round "9"]
[White "Lokander, Martin"]
[Black "Sarkar, Justin"]
[Result "1/2-1/2"]
[WhiteElo "2483"]
[BlackElo "2346"]
[PlyCount "59"]
[EventDate "2022.07.22"]
[EventType "swiss"]
[EventRounds "9"]
[EventCountry "CZE"]
[SourceTitle "CBM 209 Extra"]
[Source "ChessBase"]
[SourceDate "2022.09.30"]
[SourceVersion "1"]
[SourceVersionDate "2022.09.30"]
[SourceQuality "1"]

1. d4 d5 2. c4 dxc4 3. Nf3 c5 4. e3 cxd4 5. Bxc4 Qc7 6. Bb3 dxe3 7. Bxe3 e6 8. Nc3 Nc6 9. 0-0 Nf6 10. Nb5 Qa5 11. Nd6+ Bxd6 12. Qxd6 Ne4 13. Qd3 Nc5 14. Qd6 Nxb3 15. axb3 Qd8 16. Qc5 Qd5 17. Qa3 f6 18. Rfd1 Qb5 19. Qd6 Kf7 20. Qc7+ Ne7 21. Bc5 Re8 22. Rac1 Qc6 23. Ba3 Qxc7 24. Rxc7 e5 25. Rdc1 Be6 26. Rxb7 Bd5 27. Rd7 Be6 28. Rb7 Bd5 29. Rd7 Be6 30. Rb7 1/2-1/2

[Event "Pardubice Czech op-A 33rd"]
[Site "Pardubice"]
[Date "2022.07.22"]
[Round "1"]
[White "Lokander, Martin"]
[Black "Kawulok, Marek"]
[Result "1-0"]
[WhiteElo "2483"]
[BlackElo "2181"]
[PlyCount "97"]
[EventDate "2022.07.22"]
[EventType "swiss"]
[EventRounds "9"]
[EventCountry "CZE"]
[SourceTitle "CBM 209 Extra"]
[Source "ChessBase"]
[SourceDate "2022.09.30"]
[SourceVersion "1"]
[SourceVersionDate "2022.09.30"]
[SourceQuality "1"]

1. d4 Nf6 2. c4 e6 3. Nc3 Bb4 4. e3 0-0 5. Bd3 c5 6. a3 Bxc3+ 7. bxc3 Nc6 8. Rb1 d6 9. Nf3 e5 10. d5 Ne7 11. e4 Ng6 12. g3 b6 13. Nd2 Bh3 14. Rg1 Bd7 15. h4 h5 16. Nf1 Ng4 17. f3 Nh6 18. Bg5 f6 19. Bxh6 gxh6 20. Ne3 Kh7 21. Kd2 Qe8 22. Qf1 Rg8 23. f4 Ne7 24. f5 Qf7 25. Be2 Nc8 26. Qd1 Be8 27. Rg2 Rb8 28. Bf3 Ne7 29. Qe2 Rb7 30. a4 a5 31. Rbg1 Rb8 32. Kc1 Rd8 33. Qd1 Rb8 34. Kb2 Rd8 35. Ka3 Rb8 36. g4 hxg4 37. Bxg4 Qf8 38. Bh5 Rxg2 39. Rxg2 Bxh5 40. Qxh5 Qe8 41. Rg6 Nxg6 42. Ng4 Qf7 43. Qxh6+ Kg8 44. fxg6 Qg7 45. Qh5 Qh8 46. Qf5 Qxh4 47. Qe6+ Kh8 48. Qf7 Rg8 49. Nxf6 1-0

[Event "Legnica Voivoda Cup 36th"]
[Site "Legnica"]
[Date "2022.06.07"]
[Round "9"]
[White "Nowak, Lukasz1111"]
[Black "Lokander, Martin"]
[Result "1-0"]
[WhiteElo "2319"]
[BlackElo "2492"]
[PlyCount "137"]
[EventDate "2022.06.01"]
[EventType "tourn"]
[EventRounds "9"]
[EventCountry "POL"]
[EventCategory "7"]
[SourceTitle "CBM 208 Extra"]
[Source "ChessBase"]
[SourceDate "2022.07.31"]
[SourceVersion "1"]
[SourceVersionDate "2022.07.31"]
[SourceQuality "1"]

1. c4 b6 2. d4 Bb7 3. Nf3 e6 4. a3 f5 5. Nc3 Nf6 6. Bf4 Ne4 7. Nxe4 Bxe4 8. e3 Be7 9. h4 Bf6 10. Bd3 Bxd3 11. Qxd3 0-0 12. 0-0-0 d5 13. g4 dxc4 14. Qxc4 Qd5 15. Qxd5 exd5 16. gxf5 Nc6 17. Kb1 Bd8 18. Rc1 Na5 19. Bxc7 Nc4 20. Bxd8 Raxd8 21. Ne5 b5 22. Nd3 Rxf5 23. Ka2 Rf3 24. Rc2 Rdf8 25. Nf4 a5 26. Rh2 R8xf4 27. exf4 a4 28. Rc3 Rxf4 29. Rd3 Re4 30. f3 Re1 31. b3 Na5 32. bxa4 bxa4 33. Rb2 h5 34. Rb5 Re2+ 35. Kb1 Re1+ 36. Ka2 Re2+ 37. Kb1 Re1+ 38. Kc2 Nc4 39. Rxd5 Re2+ 40. Kc1 Re1+ 41. Kc2 Re2+ 42. Kd1 Rh2 43. Rc3 Rh1+ 44. Ke2 Rh2+ 45. Ke1 Nd2 46. Rxh5 Nb3 47. Rc4 Nd2 48. Rc8+ Kf7 49. Rf5+ Ke6 50. Rf4 Kd5 51. Rc5+ Kd6 52. Ra5 Nc4 53. Rxa4 Nb2 54. Ra6+ Kd5 55. Kf1 Nd3 56. Rg4 Rf2+ 57. Kg1 Rxf3 58. Ra5+ Ke6 59. Rxg7 Nf4 60. Re5+ Kf6 61. Rg8 Kf7 62. Rg4 Nd3 63. Re2 Kf6 64. Kg2 Rf5 65. Re3 Rf2+ 66. Kg3 Rd2 67. d5 Nb2 68. Rf4+ Kg6 69. Rf2 1-0

[Event "Legnica Voivoda Cup 36th"]
[Site "Legnica"]
[Date "2022.06.06"]
[Round "8"]
[White "Lokander, Martin"]
[Black "Cyborowski, Lukasz"]
[Result "1/2-1/2"]
[WhiteElo "2492"]
[BlackElo "2484"]
[PlyCount "62"]
[EventDate "2022.06.01"]
[EventType "tourn"]
[EventRounds "9"]
[EventCountry "POL"]
[EventCategory "7"]
[SourceTitle "CBM 208 Extra"]
[Source "ChessBase"]
[SourceDate "2022.07.31"]
[SourceVersion "1"]
[SourceVersionDate "2022.07.31"]
[SourceQuality "1"]

1. d4 d5 2. c4 e6 3. Nc3 Nf6 4. cxd5 exd5 5. Bg5 c6 6. Qc2 Be7 7. e3 h6 8. Bh4 0-0 9. Bd3 Re8 10. Nge2 a5 11. 0-0 Na6 12. a3 Nc7 13. f3 Ne6 14. Bf2 Bd7 15. Rad1 Rc8 16. Qb3 b5 17. h3 b4 18. axb4 axb4 19. Na4 c5 20. Nxc5 Nxc5 21. dxc5 Bxc5 22. Nd4 Qb6 23. Ra1 Ra8 24. Rfc1 Qd6 25. Qd1 Bb6 26. Rxa8 Rxa8 27. Ra1 Rb8 28. Ra6 Bc8 29. Ra4 Bd7 30. Ra6 Bc8 31. Ra4 Bd7 1/2-1/2

[Event "Legnica Voivoda Cup 36th"]
[Site "Legnica"]
[Date "2022.06.03"]
[Round "3"]
[White "Fiedorek, Michal"]
[Black "Lokander, Martin"]
[Result "1/2-1/2"]
[WhiteElo "2321"]
[BlackElo "2492"]
[PlyCount "151"]
[EventDate "2022.06.01"]
[EventType "tourn"]
[EventRounds "9"]
[EventCountry "POL"]
[EventCategory "7"]
[SourceTitle "CBM 208 Extra"]
[Source "ChessBase"]
[SourceDate "2022.07.31"]
[SourceVersion "1"]
[SourceVersionDate "2022.07.31"]
[SourceQuality "1"]

1. d4 Nf6 2. c4 c5 3. d5 g6 4. Nc3 Bg7 5. Nf3 0-0 6. h3 e6 7. Bf4 exd5 8. cxd5 b5 9. Nxb5 Qa5+ 10. Nc3 Nxd5 11. Qxd5 Bxc3+ 12. Nd2 Bg7 13. Bd6 Re8 14. e3 Nc6 15. Bc4 Bb7 16. Qxf7+ Kh8 17. Rd1 Ne5 18. Bxe5 Rxe5 19. 0-0 Bc6 20. Bb3 d5 21. Nf3 Rf5 22. Qe6 Qb6 23. Qd6 Rd8 24. Qg3 Qb8 25. Qxb8 Rxb8 26. Rc1 d4 27. Nxd4 cxd4 28. Rxc6 dxe3 29. fxe3 Rxf1+ 30. Kxf1 Bxb2 31. Rc7 a5 32. Ke2 Bf6 33. Ra7 Rb5 34. Kd3 Rg5 35. g4 h5 36. gxh5 Rxh5 37. Be6 Re5 38. Bg4 Rd5+ 39. Kc4 Re5 40. Kd3 Rd5+ 41. Ke4 Re5+ 42. Kf4 Rc5 43. Kf3 Bg5 44. a4 Re5 45. e4 Rc5 46. Bd7 Bd2 47. Bb5 Rh5 48. Ke2 Bb4 49. Bd7 Re5 50. Kd3 Re7 51. Kd4 Ba3 52. Kd5 Bb2 53. Ra8+ Kg7 54. Be6 Bc3 55. e5 Kh6 56. Rb8 Kg5 57. Rc8 Bb4 58. Rc4 Ba3 59. Bg4 Bb2 60. e6 Ba3 61. Rc3 Bb4 62. Rf3 Rc7 63. Re3 Rc5+ 64. Kd4 Rc7 65. Rf3 Bc5+ 66. Ke4 Bb4 67. Rd3 Kf6 68. Rd5 Rc4+ 69. Kd3 Rc3+ 70. Ke4 Rc4+ 71. Rd4 Rxd4+ 72. Kxd4 g5 73. Kd5 Ke7 74. Ke4 Bc3 75. Kd5 Bb4 76. Kc4 1/2-1/2

[Event "Legnica Voivoda Cup 36th"]
[Site "Legnica"]
[Date "2022.06.02"]
[Round "2"]
[White "Lokander, Martin"]
[Black "Stremavicius, Titas"]
[Result "1/2-1/2"]
[WhiteElo "2492"]
[BlackElo "2495"]
[PlyCount "165"]
[EventDate "2022.06.01"]
[EventType "tourn"]
[EventRounds "9"]
[EventCountry "POL"]
[EventCategory "7"]
[SourceTitle "CBM 208 Extra"]
[Source "ChessBase"]
[SourceDate "2022.07.31"]
[SourceVersion "1"]
[SourceVersionDate "2022.07.31"]
[SourceQuality "1"]

1. d4 d5 2. c4 e6 3. Nf3 Nf6 4. Nc3 c5 5. cxd5 cxd4 6. Qxd4 exd5 7. e4 dxe4 8. Qxd8+ Kxd8 9. Ng5 Be6 10. Nxe6+ fxe6 11. Bg5 Nc6 12. Bb5 Rc8 13. 0-0 Ke8 14. Rac1 Be7 15. Bxf6 gxf6 16. Nxe4 f5 17. Nd2 Bf6 18. Bxc6+ Rxc6 19. Rxc6 bxc6 20. Rc1 Kd7 21. Rc2 Rb8 22. b3 Rb5 23. Kf1 Rd5 24. Ke2 Re5+ 25. Kd1 Rd5 26. Ke2 Re5+ 27. Kf1 Rd5 28. Nc4 h5 29. Ne3 Re5 30. Nc4 Rd5 31. Ke2 Bd4 32. Rd2 Bc5 33. Ne5+ Kc7 34. Nc4 Rxd2+ 35. Nxd2 Kd6 36. f4 Kd5 37. Nf3 Ba3 38. Kd3 Bc1 39. g3 Bb2 40. Nd2 Bd4 41. Nf3 Bf6 42. Nd2 Kc5 43. a3 Bd4 44. Kc2 Kd5 45. Kd3 Bc5 46. a4 Be7 47. Nc4 Bf6 48. Ne3+ Kc5 49. Nc2 a5 50. Ke3 Bd8 51. Kd3 Bb6 52. h3 Bc7 53. Nd4 Kd5 54. Nf3 Bb6 55. Ne5 Bc7 56. Nf3 Bd6 57. Ke3 Bc5+ 58. Ke2 Bd4 59. Nd2 Bc5 60. Nf3 Ba7 61. Nd2 Bc5 62. Nf3 Bb6 63. Ng5 Bd4 64. Nf3 c5 65. Nd2 Bc3 66. Nc4 Kd4 67. Nd6 Bb4 68. Nb5+ Ke4 69. Nd6+ Kd5 70. Nb5 e5 71. fxe5 Kxe5 72. Ke3 Be1 73. Na3 Bxg3 74. Nc4+ Kd5 75. Nxa5 Bb8 76. Nc4 f4+ 77. Kd3 Bc7 78. a5 Kc6 79. a6 Bb8 80. Ke4 Kb5 81. a7 Bxa7 82. Kxf4 Kb4 83. Ke4 1/2-1/2

[Event "Bundesliga 2122"]
[Site "Germany"]
[Date "2022.04.30"]
[Round "5.1"]
[White "Lokander, Martin"]
[Black "Arnaudov, Petar G"]
[Result "1-0"]
[WhiteElo "2475"]
[BlackElo "2469"]
[PlyCount "135"]
[EventDate "2022.03.05"]
[EventType "team-tourn"]
[EventRounds "15"]
[EventCountry "GER"]
[SourceTitle "EXT 2023"]
[Source "ChessBase"]
[SourceDate "2022.10.05"]
[SourceVersion "1"]
[SourceVersionDate "2022.10.05"]
[SourceQuality "1"]
[WhiteTeam "Bayern Muenchen"]
[BlackTeam "Augsburg"]
[WhiteTeamCountry "GER"]
[BlackTeamCountry "GER"]

1. d4 Nf6 2. c4 e6 3. Nf3 Bb4+ 4. Nc3 b6 5. Bd2 Bb7 6. e3 0-0 7. Bd3 d6 8. 0-0 Nbd7 9. a3 Bxc3 10. Bxc3 Ne4 11. Be1 f5 12. Nd2 Qg5 13. f4 Qg6 14. Nxe4 Bxe4 15. Bxe4 fxe4 16. Qa4 Nf6 17. Qc6 Qf7 18. b4 d5 19. Bh4 Ng4 20. Rae1 Nh6 21. cxd5 exd5 22. f5 Rae8 23. Bg5 Nxf5 24. g4 Re6 25. Qxd5 Ne7 26. Qd7 Rf6 27. Bxf6 gxf6 28. Qxc7 Qe6 29. Qf4 Rf7 30. Kh1 Kg7 31. Rc1 Nd5 32. Qf5 Qxf5 33. Rxf5 Rd7 34. Rxd5 Rxd5 35. Rc7+ Kg6 36. Rxa7 h5 37. Re7 hxg4 38. Rxe4 Kg5 39. Re6 Rd8 40. Rc6 Ra8 41. Rc3 Kf5 42. Kg2 Ke4 43. Rc6 Kxe3 44. Rxf6 b5 45. Kg3 Kxd4 46. Kxg4 Rxa3 47. h4 Kc3 48. Rf4 Ra8 49. h5 Rg8+ 50. Kf5 Rf8+ 51. Ke5 Rh8 52. Rh4 Rh6 53. Kf5 Kb3 54. Kg5 Rh8 55. h6 Ka4 56. Kg6 Rg8+ 57. Kf7 Ra8 58. h7 Kb3 59. Kg7 Ra7+ 60. Kg6 Ra8 61. Kg7 Ra7+ 62. Kf6 Ra8 63. h8Q Rxh8 64. Rxh8 Kxb4 65. Ke5 Kc3 66. Rc8+ Kd3 67. Rb8 Kc4 68. Ke4 1-0

[Event "SWE-chT 2122 Elite"]
[Site "Sweden"]
[Date "2021.12.04"]
[Round "1.1"]
[White "Sjodahl, Pontus"]
[Black "Lokander, Martin"]
[Result "1-0"]
[WhiteElo "2410"]
[BlackElo "2473"]
[PlyCount "125"]
[EventDate "2021.12.03"]
[EventType "team-tourn"]
[EventRounds "9"]
[EventCountry "SWE"]
[SourceTitle "EXT 2023"]
[Source "ChessBase"]
[SourceDate "2022.10.05"]
[SourceVersion "1"]
[SourceVersionDate "2022.10.05"]
[SourceQuality "1"]
[WhiteTeam "Vasteras"]
[BlackTeam "Stockholm CC"]
[WhiteTeamCountry "SWE"]
[BlackTeamCountry "SWE"]

1. d4 d5 2. c4 c6 3. Nf3 Nf6 4. Qc2 g6 5. g3 Bg7 6. Bg2 0-0 7. 0-0 Bf5 8. Qb3 Qb6 9. Nc3 Qxb3 10. axb3 Bc2 11. Ra3 Rd8 12. Bf4 Nbd7 13. Rc1 Bf5 14. h3 dxc4 15. bxc4 Ne4 16. Nh4 Nxc3 17. bxc3 e5 18. Bg5 f6 19. Nxf5 gxf5 20. Be3 Nb6 21. c5 Nc4 22. Rb3 Nxe3 23. fxe3 Bh6 24. Kf2 exd4 25. cxd4 Rd7 26. g4 fxg4 27. hxg4 Re8 28. Rc4 Kg7 29. Ra4 a6 30. Rab4 Ree7 31. e4 Bd2 32. Rc4 Bf4 33. Kf3 Bh2 34. e3 Kg6 35. Rc1 Bb8 36. Rh1 Rf7 37. Bf1 Ba7 38. Bc4 Rfe7 39. Rb2 Rd8 40. Rbh2 Rh8 41. Rh6+ Kg7 42. g5 fxg5 43. e5 Bxc5 44. dxc5 Rxe5 45. Bd3 Rxc5 46. Rxh7+ Rxh7 47. Rxh7+ Kf6 48. Rxb7 a5 49. Ra7 Ke5 50. Bh7 Rb5 51. Ra6 Rc5 52. Bg6 Kd6 53. Ra7 Rb5 54. Bd3 Rc5 55. Ke2 Re5 56. Kd2 Rc5 57. Rg7 Re5 58. e4 Kc5 59. Kc3 a4 60. Ra7 g4 61. Rxa4 g3 62. Ra2 Re7 63. Ra5+ 1-0